Banka

Enregistré dans:
Détails bibliographiques
Auteur principal: Tőrők, Gergely (Auteur)
Autres auteurs: Pernišová, Alena (Directeur de thèse)
Format: Manuscrit Livre
Langue:slovaque
Publié: 2016
Sujets:
Accès en ligne:http://is.stuba.sk/zp/portal_zp.pl?podrobnosti=119742
https://opac.crzp.sk/?fn=detailBiblioForm&sid=41728D440EB1EF629213138922FE
Tags: Ajouter un tag
Pas de tags, Soyez le premier à ajouter un tag!

MARC

LEADER 00000ntm a22000003a 4500
001 stuzp56454
003 SK-STU
005 20231009154853.3
007 ta
008 150427s2015----xo-----f-mn---000-0-slo-d
040 |a STU  |b slo 
041 0 |a slo 
100 1 |a Tőrők, Gergely  |u 010180  |4 aut  |U SvF Stavebná fakulta  |T SvF Katedra konštrukcií pozemných stavieb  |X 59307  |U V180  |Y 18  |7 A000059307 
242 0 1 |a Bank  |y eng 
245 1 0 |a Banka 
260 |c 2016 
650 4 |a železobetón  |2 slo 
650 4 |a bezpečnosť  |2 slo 
650 4 |a banka  |2 slo 
650 4 |a bank  |2 eng 
650 4 |a security  |2 eng 
650 4 |a ferroconcrete  |2 eng 
700 1 |a Pernišová, Alena  |u 010180  |k Z1  |4 ths  |U SvF Stavebná fakulta  |T SvF Katedra konštrukcií pozemných stavieb  |X 751  |U V180  |Y 18  |7 A000000751 
856 4 |u http://is.stuba.sk/zp/portal_zp.pl?podrobnosti=119742 
856 4 |u https://opac.crzp.sk/?fn=detailBiblioForm&sid=41728D440EB1EF629213138922FE 
SQL |a stuzp56454  |b DDP  |c SLO  |d Banka  |e 59307  |f Tőrők, Gergely  |g 010180  |h 751  |i Pernišová, Alena  |j 20160616  |k 8  |l 01  |m http://is.stuba.sk/zp/portal_zp.pl?podrobnosti=119742  |n I-AKP  |o 5.1.4. pozemné stavby